[Event "Mindsports Blitz 4th"]
[Site "London"]
[Date "2024.07.23"]
[Round "1.1"]
[White "Rubeck, Jonathan"]
[Black "Gasanov, Eldar"]
[Result "0-1"]
[WhiteElo "1869"]
[BlackElo "2474"]
[PlyCount "38"]
[EventDate "2024.07.23"]
[EventType "swiss (blitz)"]
[EventRounds "14"]
[EventCountry "ENG"]
[SourceTitle "BritBase"]
[Source "John Saunders"]
[SourceDate "2024.08.27"]
[SourceVersion "1"]
[SourceVersionDate "2024.08.27"]
[SourceQuality "1"]

1. e4 c5 2. c3 e5 3. d4 exd4 4. cxd4 cxd4 5. Nf3 Bb4+ 6. Nbd2 Nc6 7. Bc4 Nf6 8. O-O O-O 9. e5 Ng4 10. Re1 Re8 11. a3 Bf8 12. Nb3 Ncxe5 13. Nxe5 Nxe5 14. Qxd4 Nf3+ 15. gxf3 Rxe1+ 16. Kg2 d5 17. Bd3 g6 18. Nd2 Qg5+ 19. Qg4 Bxg4 0-1

[Event "Mindsports Blitz 4th"]
[Site "London"]
[Date "2024.07.23"]
[Round "1.2"]
[White "Dupuis, Denis K"]
[Black "Badacsonyi, Stanley"]
[Result "0-1"]
[WhiteElo "1860"]
[BlackElo "2306"]
[PlyCount "106"]
[EventDate "2024.07.23"]
[EventType "swiss (blitz)"]
[EventRounds "14"]
[EventCountry "ENG"]
[SourceTitle "BritBase"]
[Source "John Saunders"]
[SourceDate "2024.08.27"]
[SourceVersion "1"]
[SourceVersionDate "2024.08.27"]
[SourceQuality "1"]

1. e4 e6 2. d4 d5 3. exd5 exd5 4. Nf3 Bd6 5. c4 dxc4 6. Bxc4 Nf6 7. O-O O-O 8. Nc3 h6 9. h3 a6 10. a3 b5 11. Ba2 Bb7 12. Qd3 Nbd7 13. b4 Nb6 14. Re1 Nfd5 15. Ne4 Re8 16. Bd2 Nf4 17. Bxf4 Bxf4 18. Nc5 Rxe1+ 19. Rxe1 Bd5 20. Bxd5 Qxd5 21. Qe4 Bd6 22. Nh4 Qxe4 23. Rxe4 Nc4 24. Nf5 Nxa3 25. Rg4 g6 26. Nxh6+ Kf8 27. h4 Ke7 28. h5 gxh5 29. Rg5 Nc2 30. Nf5+ Kf6 31. Ne4+ Ke6 32. Rxh5 Nxb4 33. Nc5+ Bxc5 34. dxc5 a5 35. Nd4+ Kf6 36. Nxb5 a4 37. Nxc7 a3 38. Nxa8 a2 39. Rh6+ Kg7 40. Rh3 a1=Q+ 41. Kh2 Qxa8 42. Rg3+ Kf8 43. Rf3 Qc6 44. Kg3 Qxc5 45. Kh3 Nd5 46. Rf5 Qc3+ 47. g3 Ne7 48. Rh5 Ng6 49. Kg4 Qd4+ 50. f4 Qd1+ 51. Kg5 Kg7 52. g4 f6+ 53. Kf5 Qd5# 0-1

[Event "Mindsports Blitz 4th"]
[Site "London"]
[Date "2024.07.23"]
[Round "1.3"]
[White "Johnson, Daniel"]
[Black "Amoros, Pierre"]
[Result "1-0"]
[WhiteElo "2271"]
[BlackElo "1843"]
[PlyCount "109"]
[EventDate "2024.07.23"]
[EventType "swiss (blitz)"]
[EventRounds "14"]
[EventCountry "ENG"]
[SourceTitle "BritBase"]
[Source "John Saunders"]
[SourceDate "2024.08.27"]
[SourceVersion "1"]
[SourceVersionDate "2024.08.27"]
[SourceQuality "1"]

1. d4 Nf6 2. c4 e5 3. dxe5 Ng4 4. e3 Nxe5 5. Nh3 Nbc6 6. Nf4 Bb4+ 7. Bd2 Bxd2+ 8. Qxd2 O-O 9. Nc3 d6 10. Be2 Bf5 11. O-O Qg5 12. Kh1 Rad8 13. Nfd5 Ng4 14. h3 Nf6 15. Nxf6+ Qxf6 16. Nd5 Qh6 17. Kh2 Rd7 18. Rad1 Ne5 19. Qd4 c6 20. Nc3 Re8 21. Qxa7 Ng4+ 22. Bxg4 Bxg4 23. Rd4 Be6 24. Qa5 Qg6 25. Ne2 Red8 26. Nf4 Qf5 27. Qxf5 Bxf5 28. Rfd1 Bc2 29. R1d2 Bf5 30. Ne2 Be6 31. Nc3 d5 32. cxd5 cxd5 33. g4 h6 34. f4 g6 35. Kg3 Kg7 36. b4 f5 37. a4 Kf6 38. a5 fxg4 39. hxg4 h5 40. gxh5 gxh5 41. e4 dxe4 42. Nxe4+ Ke7 43. Rxd7+ Rxd7 44. Re2 Kf7 45. Ng5+ Kf6 46. Rxe6+ Kf5 47. Re5+ Kf6 48. Re3 Rd4 49. Rb3 h4+ 50. Kf3 Kf5 51. Nh3 Kf6 52. b5 Ra4 53. a6 bxa6 54. b6 a5 55. b7 1-0

[Event "Mindsports Blitz 4th"]
[Site "London"]
[Date "2024.07.23"]
[Round "1.4"]
[White "Tsao, Yui"]
[Black "Andal, Edmond"]
[Result "0-1"]
[WhiteElo "1827"]
[BlackElo "2145"]
[PlyCount "104"]
[EventDate "2024.07.23"]
[EventType "swiss (blitz)"]
[EventRounds "14"]
[EventCountry "ENG"]
[SourceTitle "BritBase"]
[Source "John Saunders"]
[SourceDate "2024.08.27"]
[SourceVersion "1"]
[SourceVersionDate "2024.08.27"]
[SourceQuality "1"]

1. d4 e6 2. c4 f5 3. Nc3 Nf6 4. Nf3 Bb4 5. Bd2 b6 6. a3 Bxc3 7. Bxc3 Bb7 8. e3 O-O 9. Bd3 Qe8 10. O-O Qg6 11. Re1 d6 12. Bf1 Ne4 13. g3 Nd7 14. Bg2 Nxc3 15. bxc3 Be4 16. a4 a5 17. Nd2 Bxg2 18. Kxg2 e5 19. Qb3 Kh8 20. Qb5 Rad8 21. Qc6 f4 22. exf4 exf4 23. Re7 Nf6 24. Rae1 fxg3 25. hxg3 Qd3 26. Nf3 Qxc3 27. Qxc7 Ng4 28. R1e3 Nxe3+ 29. Rxe3 Qc2 30. Qe7 Qg6 31. Re6 Qf5 32. Re3 h6 33. Qb7 Rb8 34. Qc6 Qf6 35. Qd5 Rbe8 36. Rxe8 Rxe8 37. Nh4 Rf8 38. f4 Re8 39. Qh5 Rc8 40. Qg4 Rxc4 41. Ng6+ Kh7 42. Nh4 Rc2+ 43. Kh3 Rc4 44. Nf3 Qg6 45. Qh4 Qe6+ 46. g4 Rc3 47. Kg3 Qe3 48. Qh1 Rc2 49. Qb1 Qf2+ 50. Kh3 Qxf3+ 51. Kh4 Qf2+ 52. Kh3 Qh2# 0-1

[Event "Mindsports Blitz 4th"]
[Site "London"]
[Date "2024.07.23"]
[Round "1.5"]
[White "Lushkin, Sergei"]
[Black "Patel, Zain"]
[Result "0-1"]
[WhiteElo "1760"]
[BlackElo "2063"]
[PlyCount "100"]
[EventDate "2024.07.23"]
[EventType "swiss (blitz)"]
[EventRounds "14"]
[EventCountry "ENG"]
[SourceTitle "BritBase"]
[Source "John Saunders"]
[SourceDate "2024.08.27"]
[SourceVersion "1"]
[SourceVersionDate "2024.08.27"]
[SourceQuality "1"]

1. e4 c6 2. Nc3 d5 3. d3 dxe4 4. dxe4 Qxd1+ 5. Nxd1 Nf6 6. f3 Nbd7 7. Be3 g6 8. Bc4 Bg7 9. c3 O-O 10. Nf2 a5 11. a3 b5 12. Bb3 Bb7 13. Ne2 Ne8 14. Nd3 Nd6 15. Nc5 Nxc5 16. Bxc5 Kh8 17. O-O-O Rad8 18. h4 f5 19. h5 g5 20. h6 Bf6 21. Nd4 a4 22. Ba2 Rde8 23. exf5 Nc4 24. Rhe1 Bc8 25. g4 Ne5 26. Re4 Nf7 27. Bxf7 Rxf7 28. Nxc6 Bb7 29. Re6 Rc8 30. Bd4 Bxc6 31. Bxf6+ Rxf6 32. Rxe7 Re8 33. Rxe8+ Bxe8 34. Rd8 Rf8 35. Kd2 Kg8 36. Rb8 Bc6 37. Rxf8+ Kxf8 38. Ke3 Kf7 39. f4 Kf6 40. fxg5+ Kxg5 41. Kd4 Kxg4 42. f6 Be8 43. Kc5 Kg5 44. f7 Bxf7 45. Kxb5 Be8+ 46. Kb6 Kxh6 47. c4 Kg5 48. c5 h5 49. c6 h4 50. c7 Bd7 0-1

[Event "Mindsports Blitz 4th"]
[Site "London"]
[Date "2024.07.23"]
[Round "1.6"]
[White "Dignam, Matthew"]
[Black "Imam-Sadeque, Ali"]
[Result "1-0"]
[WhiteElo "2052"]
[BlackElo "1759"]
[PlyCount "105"]
[EventDate "2024.07.23"]
[EventType "swiss (blitz)"]
[EventRounds "14"]
[EventCountry "ENG"]
[SourceTitle "BritBase"]
[Source "John Saunders"]
[SourceDate "2024.08.27"]
[SourceVersion "1"]
[SourceVersionDate "2024.08.27"]
[SourceQuality "1"]

1. b3 d5 2. Bb2 e6 3. Nf3 f5 4. g4 fxg4 5. Ne5 Nf6 6. h3 Nbd7 7. Nxd7 Bxd7 8. hxg4 Nxg4 9. e4 Nf6 10. e5 Ne4 11. d3 Ng5 12. f4 Nf7 13. Qg4 Qe7 14. Ba3 c5 15. d4 b6 16. Nc3 O-O-O 17. O-O-O Nh6 18. Qe2 Nf5 19. Qa6+ Kb8 20. dxc5 bxc5 21. Na4 Bc8 22. Qb5+ Qb7 23. Qxb7+ Bxb7 24. Nxc5 Bxc5 25. Bxc5 Rc8 26. b4 Bc6 27. Bd3 Bd7 28. Rhg1 g6 29. Kb2 Kb7 30. a4 Rc7 31. a5 Rhc8 32. c4 Rxc5 33. bxc5 Rxc5 34. Bxf5 exf5 35. Rxd5 Kc6 36. Rxc5+ Kxc5 37. Rd1 Be6 38. Kc3 Bxc4 39. Rd7 a6 40. Rc7+ Kd5 41. Rxc4 h5 42. Rd4+ Ke6 43. Rd6+ Kf7 44. Rd2 g5 45. fxg5 Kg6 46. Rg2 f4 47. Kd3 f3 48. Rf2 Kxg5 49. Rxf3 h4 50. Ke3 Kg4 51. e6 h3 52. Rxh3 Kxh3 53. e7 1-0

[Event "Mindsports Blitz 4th"]
[Site "London"]
[Date "2024.07.23"]
[Round "1.7"]
[White "Honarvarmahalati, Hooman"]
[Black "Cancedda-Dupuis, Livio"]
[Result "0-1"]
[WhiteElo "1741"]
[BlackElo "2000"]
[PlyCount "56"]
[EventDate "2024.07.23"]
[EventType "swiss (blitz)"]
[EventRounds "14"]
[EventCountry "ENG"]
[SourceTitle "BritBase"]
[Source "John Saunders"]
[SourceDate "2024.08.27"]
[SourceVersion "1"]
[SourceVersionDate "2024.08.27"]
[SourceQuality "1"]

1. e4 c5 2. Nf3 a6 3. c3 e6 4. d4 d5 5. exd5 exd5 6. Be3 cxd4 7. Nxd4 Nf6 8. Be2 Bd6 9. O-O O-O 10. Nd2 Nc6 11. N2f3 h6 12. h3 Re8 13. Re1 Ne4 14. a4 Bd7 15. Qb3 Nxd4 16. Bxd4 Bc6 17. Bd3 Qd7 18. a5 Nc5 19. Qc2 Nxd3 20. Qxd3 Re4 21. Ne5 Qf5 22. Rxe4 dxe4 23. Qg3 Re8 24. f4 exf3 25. Re1 Bxe5 26. Rxe5 f2+ 27. Kf1 Bb5+ 28. Rxb5 Re1# 0-1

[Event "Mindsports Blitz 4th"]
[Site "London"]
[Date "2024.07.23"]
[Round "1.8"]
[White "Nixon, Rodney J"]
[Black "Zadvorny, Roman"]
[Result "0-1"]
[WhiteElo "1995"]
[BlackElo "1722"]
[PlyCount "67"]
[EventDate "2024.07.23"]
[EventType "swiss (blitz)"]
[EventRounds "14"]
[EventCountry "ENG"]
[SourceTitle "BritBase"]
[Source "John Saunders"]
[SourceDate "2024.08.27"]
[SourceVersion "1"]
[SourceVersionDate "2024.08.27"]
[SourceQuality "1"]

1. e4 e5 2. Nf3 Nc6 3. Bc4 Nf6 4. d3 Bc5 5. c3 h6 6. O-O O-O 7. Nbd2 d6 8. a4 a5 9. Re1 Bg4 10. h3 Be6 11. Qb3 Rb8 12. Bxe6 fxe6 13. Qxe6+ Kh7 14. Qb3 g5 15. Nc4 g4 16. hxg4 Nxg4 17. Ne3 Nxf2 18. Kxf2 Qh4+ 19. Ke2 Qg3 20. Rf1 Rf4 21. Qe6 Rbf8 22. Qh3 Qg6 23. Nf5 R4xf5 24. exf5 Rxf5 25. Be3 Bxe3 26. Kxe3 Ne7 27. c4 Rf4 28. Rh1 Nf5+ 29. Kd2 Rg4 30. Rag1 Ng3 31. Rh2 Kg7 32. Nh4 Qg5+ 33. Kc3 Qf4 34. Nf3 0-1

[Event "Mindsports Blitz 4th"]
[Site "London"]
[Date "2024.07.23"]
[Round "2.1"]
[White "Gasanov, Eldar"]
[Black "Rubeck, Jonathan"]
[Result "1-0"]
[WhiteElo "2474"]
[BlackElo "1869"]
[PlyCount "65"]
[EventDate "2024.07.23"]
[EventType "swiss (blitz)"]
[EventRounds "14"]
[EventCountry "ENG"]
[SourceTitle "BritBase"]
[Source "John Saunders"]
[SourceDate "2024.08.27"]
[SourceVersion "1"]
[SourceVersionDate "2024.08.27"]
[SourceQuality "1"]

1. e4 e6 2. d3 d5 3. Qe2 Nf6 4. Nf3 Be7 5. g3 O-O 6. Bg2 c5 7. O-O Nc6 8. e5 Nd7 9. c4 b6 10. Bf4 Bb7 11. Nc3 d4 12. Ne4 f5 13. exf6 Nxf6 14. Neg5 Qd7 15. Nxe6 Rfe8 16. Nc7 Bd6 17. Nxe8 Rxe8 18. Qd2 Bxf4 19. Qxf4 Re2 20. Rfe1 Rxb2 21. Bh3 Qd8 22. Be6+ Kh8 23. Ng5 Qa8 24. Nf7+ Kg8 25. Nd6+ Kh8 26. Nxb7 Qxb7 27. Bd5 h6 28. Re8+ Nxe8 29. Qf8+ Kh7 30. Bg8+ Kg6 31. Qxe8+ Kg5 32. h4+ Kf5 33. Qe6# 1-0

[Event "Mindsports Blitz 4th"]
[Site "London"]
[Date "2024.07.23"]
[Round "2.2"]
[White "Badacsonyi, Stanley"]
[Black "Dupuis, Denis K"]
[Result "1/2-1/2"]
[WhiteElo "2306"]
[BlackElo "1860"]
[PlyCount "112"]
[EventDate "2024.07.23"]
[EventType "swiss (blitz)"]
[EventRounds "14"]
[EventCountry "ENG"]
[SourceTitle "BritBase"]
[Source "John Saunders"]
[SourceDate "2024.08.27"]
[SourceVersion "1"]
[SourceVersionDate "2024.08.27"]
[SourceQuality "1"]

1. Nf3 d5 2. g3 c5 3. Bg2 Nc6 4. d3 Nf6 5. O-O Bg4 6. c4 e6 7. Nbd2 Be7 8. b3 O-O 9. Bb2 Qd7 10. Rc1 Rfd8 11. Ne5 Nxe5 12. Bxe5 Rac8 13. Nf3 Ne8 14. Bb2 f6 15. a3 Bh5 16. cxd5 exd5 17. d4 Bf7 18. dxc5 Rxc5 19. Qd2 Rdc8 20. b4 Rxc1 21. Rxc1 Rxc1+ 22. Qxc1 Nd6 23. Bd4 b6 24. Ne1 Nc4 25. Nc2 Bg6 26. Ne3 Nxe3 27. Qxe3 Bf7 28. h4 Bf8 29. Bf3 a5 30. Bxb6 axb4 31. axb4 Bxb4 32. Qf4 Bd6 33. Qd2 Qb5 34. Bd4 Qc4 35. e3 Qb4 36. Qa2 Qb7 37. Qa5 Qc7 38. Qa8+ Bf8 39. Bxd5 h6 40. Bxf7+ Kxf7 41. Qd5+ Kg6 42. Kg2 Kh7 43. h5 Qe7 44. Qf5+ Kh8 45. Kf3 Qb7+ 46. Qe4 Qd7 47. g4 Kg8 48. Qa8 Kf7 49. Qa2+ Qe6 50. Qa7+ Qe7 51. Qa8 Qe6 52. e4 Qb3+ 53. Be3 Qd1+ 54. Kg3 Qg1+ 55. Kf3 Qd1+ 56. Kg3 Qg1+ 1/2-1/2

[Event "Mindsports Blitz 4th"]
[Site "London"]
[Date "2024.07.23"]
[Round "2.3"]
[White "Amoros, Pierre"]
[Black "Johnson, Daniel"]
[Result "0-1"]
[WhiteElo "1843"]
[BlackElo "2271"]
[PlyCount "108"]
[EventDate "2024.07.23"]
[EventType "swiss (blitz)"]
[EventRounds "14"]
[EventCountry "ENG"]
[SourceTitle "BritBase"]
[Source "John Saunders"]
[SourceDate "2024.08.27"]
[SourceVersion "1"]
[SourceVersionDate "2024.08.27"]
[SourceQuality "1"]

1. e4 e5 2. f4 d5 3. exd5 exf4 4. Nf3 Nf6 5. Nc3 Nxd5 6. Nxd5 Qxd5 7. d4 Be7 8. Be2 O-O 9. O-O Qd6 10. Ne5 Nc6 11. Nxc6 Qxc6 12. Bxf4 Bd6 13. Bxd6 Qxd6 14. c3 Be6 15. Bd3 Rae8 16. Qh5 g6 17. Qf3 Bd5 18. Qf2 f5 19. Rae1 Bxa2 20. Rxe8 Rxe8 21. Re1 Rxe1+ 22. Qxe1 Qe6 23. Qxe6+ Bxe6 24. Kf2 Kf7 25. Ke3 Kf6 26. h4 Bd5 27. g3 c6 28. c4 Bh1 29. b4 h6 30. Kf4 g5+ 31. hxg5+ hxg5+ 32. Ke3 Ke6 33. Kf2 b6 34. Ke3 Kf6 35. Be2 Ke6 36. Bd3 a5 37. bxa5 bxa5 38. Bc2 Bg2 39. Ba4 Kd6 40. c5+ Ke6 41. Kf2 Bd5 42. Ke3 Kf6 43. Kd3 f4 44. gxf4 gxf4 45. Ke2 Kg5 46. Kf2 Kg4 47. Bd1+ Kf5 48. Bc2+ Be4 49. Bd1 Bd3 50. Ba4 Bb5 51. Bb3 Ke4 52. d5 cxd5 53. Ke1 Kd4 54. Kf2 Kxc5 0-1

[Event "Mindsports Blitz 4th"]
[Site "London"]
[Date "2024.07.23"]
[Round "2.4"]
[White "Andal, Edmond"]
[Black "Tsao, Yui"]
[Result "1-0"]
[WhiteElo "2145"]
[BlackElo "1827"]
[PlyCount "79"]
[EventDate "2024.07.23"]
[EventType "swiss (blitz)"]
[EventRounds "14"]
[EventCountry "ENG"]
[SourceTitle "BritBase"]
[Source "John Saunders"]
[SourceDate "2024.08.27"]
[SourceVersion "1"]
[SourceVersionDate "2024.08.27"]
[SourceQuality "1"]

1. Nf3 d5 2. b3 Nf6 3. Bb2 e6 4. e3 Be7 5. d4 O-O 6. Bd3 b6 7. O-O Bb7 8. Nbd2 Nbd7 9. Qe2 Rc8 10. Rad1 c5 11. Ne5 Nxe5 12. dxe5 Ne8 13. f4 g6 14. e4 dxe4 15. Bxe4 Qc7 16. c4 Ng7 17. Bxb7 Qxb7 18. Ne4 Rcd8 19. Qf3 Nf5 20. Nf6+ Bxf6 21. Qxb7 Rxd1 22. Rxd1 Bg7 23. Qxa7 h5 24. g3 h4 25. Kf2 Nh6 26. Kf3 hxg3 27. hxg3 g5 28. Qxb6 gxf4 29. gxf4 Nf5 30. Qxc5 Ra8 31. a3 Bf8 32. Qc6 Rb8 33. b4 Nh4+ 34. Ke2 Nf5 35. b5 Bg7 36. Qc7 Rf8 37. Rd8 Ng3+ 38. Kf3 Nf5 39. Rxf8+ Bxf8 40. b6 1-0

[Event "Mindsports Blitz 4th"]
[Site "London"]
[Date "2024.07.23"]
[Round "2.5"]
[White "Patel, Zain"]
[Black "Lushkin, Sergei"]
[Result "1-0"]
[WhiteElo "2063"]
[BlackElo "1760"]
[PlyCount "44"]
[EventDate "2024.07.23"]
[EventType "swiss (blitz)"]
[EventRounds "14"]
[EventCountry "ENG"]
[SourceTitle "BritBase"]
[Source "John Saunders"]
[SourceDate "2024.08.27"]
[SourceVersion "1"]
[SourceVersionDate "2024.08.27"]
[SourceQuality "1"]

1. d4 Nf6 2. Nf3 g6 3. c4 Bg7 4. Nc3 d5 5. cxd5 Nxd5 6. e4 Nxc3 7. bxc3 O-O 8. Be2 c5 9. h3 Nc6 10. Be3 cxd4 11. cxd4 Qa5+ 12. Bd2 Qa3 13. d5 Nd4 14. Nxd4 Bxd4 15. Rb1 f5 16. O-O fxe4 17. Bb4 Bxf2+ 18. Rxf2 Qe3 19. Qf1 Bd7 20. Be1 Rac8 21. Kh1 e6 22. Rxb7 Rc1 1-0

[Event "Mindsports Blitz 4th"]
[Site "London"]
[Date "2024.07.23"]
[Round "2.6"]
[White "Imam-Sadeque, Ali"]
[Black "Dignam, Matthew"]
[Result "0-1"]
[WhiteElo "1759"]
[BlackElo "2052"]
[PlyCount "50"]
[EventDate "2024.07.23"]
[EventType "swiss (blitz)"]
[EventRounds "14"]
[EventCountry "ENG"]
[SourceTitle "BritBase"]
[Source "John Saunders"]
[SourceDate "2024.08.27"]
[SourceVersion "1"]
[SourceVersionDate "2024.08.27"]
[SourceQuality "1"]

1. d4 d6 2. Nc3 Nf6 3. Bf4 c6 4. e3 Nbd7 5. Bd3 g6 6. h4 h5 7. Nf3 Bg7 8. Qd2 Qa5 9. e4 e5 10. dxe5 dxe5 11. Bg5 Ng4 12. Bc4 b5 13. Be2 f6 14. Be3 Nxe3 15. Qxe3 Bb7 16. O-O O-O 17. a3 a6 18. Rad1 Qc7 19. Rd3 Nb6 20. Rfd1 Kh7 21. Qc5 Rf7 22. Rd6 Bf8 23. b3 Nc8 24. Rxc6 Bxc5 25. Rxc7 Rxc7 0-1

[Event "Mindsports Blitz 4th"]
[Site "London"]
[Date "2024.07.23"]
[Round "2.7"]
[White "Cancedda-Dupuis, Livio"]
[Black "Honarvarmahalati, Hooman"]
[Result "1-0"]
[WhiteElo "2000"]
[BlackElo "1741"]
[PlyCount "63"]
[EventDate "2024.07.23"]
[EventType "swiss (blitz)"]
[EventRounds "14"]
[EventCountry "ENG"]
[SourceTitle "BritBase"]
[Source "John Saunders"]
[SourceDate "2024.08.27"]
[SourceVersion "1"]
[SourceVersionDate "2024.08.27"]
[SourceQuality "1"]

1. e4 e5 2. Nf3 Nc6 3. Bb5 a6 4. Ba4 Nf6 5. O-O d6 6. Re1 Bd7 7. c3 g6 8. d4 Bg7 9. h3 O-O 10. Bg5 Qe8 11. Bc2 h6 12. Bh4 Nh5 13. Nbd2 exd4 14. cxd4 Nxd4 15. Nxd4 Bxd4 16. Nf3 Bg7 17. e5 dxe5 18. Qd5 Bc6 19. Qb3 Kh7 20. Be4 Bxe4 21. Rxe4 Qc6 22. Rc4 Qe6 23. Rxc7 Qxb3 24. axb3 g5 25. Bg3 Nxg3 26. fxg3 e4 27. Nd2 e3 28. Nf3 Bxb2 29. Re1 Rae8 30. Rxb7 Bc3 31. Re2 a5 32. g4 1-0

[Event "Mindsports Blitz 4th"]
[Site "London"]
[Date "2024.07.23"]
[Round "2.8"]
[White "Zadvorny, Roman"]
[Black "Nixon, Rodney J"]
[Result "1-0"]
[WhiteElo "1722"]
[BlackElo "1995"]
[PlyCount "71"]
[EventDate "2024.07.23"]
[EventType "swiss (blitz)"]
[EventRounds "14"]
[EventCountry "ENG"]
[SourceTitle "BritBase"]
[Source "John Saunders"]
[SourceDate "2024.08.27"]
[SourceVersion "1"]
[SourceVersionDate "2024.08.27"]
[SourceQuality "1"]

1. e4 c5 2. c3 e6 3. d4 cxd4 4. cxd4 a6 5. Nc3 Nc6 6. Nf3 d6 7. Bd3 Nf6 8. Bg5 Be7 9. O-O O-O 10. e5 Nd5 11. Bxe7 Qxe7 12. h4 b5 13. Bxh7+ Kxh7 14. Ng5+ Kg6 15. Qd3+ f5 16. exf6+ Kxf6 17. Nxd5+ exd5 18. Rae1 Qd8 19. Re3 Bf5 20. Rf3 g6 21. g4 Ne7 22. gxf5 gxf5 23. Re1 Qd7 24. Nh7+ Kg7 25. Nxf8 Kxf8 26. Qe3 Re8 27. Qh6+ Kf7 28. Qh5+ Ng6 29. Rxe8 Qxe8 30. Rxf5+ Kg7 31. Qg4 Qe1+ 32. Kg2 Qe4+ 33. Qxe4 dxe4 34. Rd5 Nxh4+ 35. Kh3 Nf3 36. Rxd6 1-0

[Event "Mindsports Blitz 4th"]
[Site "London"]
[Date "2024.07.23"]
[Round "3.1"]
[White "Gasanov, Eldar"]
[Black "Malinovskii, Ilia"]
[Result "1-0"]
[WhiteElo "2474"]
[BlackElo "1978"]
[PlyCount "75"]
[EventDate "2024.07.23"]
[EventType "swiss (blitz)"]
[EventRounds "14"]
[EventCountry "ENG"]
[SourceTitle "BritBase"]
[Source "John Saunders"]
[SourceDate "2024.08.27"]
[SourceVersion "1"]
[SourceVersionDate "2024.08.27"]
[SourceQuality "1"]

1. d4 d5 2. c4 e5 3. dxe5 d4 4. Nf3 Nc6 5. a3 Nge7 6. b4 Ng6 7. Bb2 Ncxe5 8. Qxd4 Qxd4 9. Bxd4 Nxc4 10. e3 Nd6 11. Nc3 c6 12. e4 Be6 13. Ng5 Bc4 14. Bxc4 Nxc4 15. O-O h6 16. Nf3 a6 17. Na4 O-O-O 18. Rfc1 b5 19. Nb6+ Kb7 20. Nxc4 bxc4 21. Rxc4 Nf4 22. Kf1 Ne6 23. Be3 Be7 24. Ne5 Bf6 25. f4 g5 26. Rxc6 gxf4 27. Rb6+ Ka8 28. Rxa6+ Kb7 29. Ra7+ Kb8 30. Nc6+ Kc8 31. e5 fxe3 32. exf6 Rd2 33. Rc1 Rg8 34. Ne7+ Kb8 35. Nc6+ Kc8 36. Rxf7 Rgxg2 37. Na7+ Kb8 38. Rc8# 1-0

[Event "Mindsports Blitz 4th"]
[Site "London"]
[Date "2024.07.23"]
[Round "3.2"]
[White "Pollack, Oscar"]
[Black "Senlle Caride, Miguel"]
[Result "0-1"]
[WhiteElo "1958"]
[BlackElo "2339"]
[PlyCount "65"]
[EventDate "2024.07.23"]
[EventType "swiss (blitz)"]
[EventRounds "14"]
[EventCountry "ENG"]
[SourceTitle "BritBase"]
[Source "John Saunders"]
[SourceDate "2024.08.27"]
[SourceVersion "1"]
[SourceVersionDate "2024.08.27"]
[SourceQuality "1"]

1. e4 c5 2. Nc3 a6 3. Nf3 e6 4. g3 b5 5. d4 cxd4 6. Nxd4 Bb7 7. Bg2 d6 8. O-O Qc7 9. Re1 Nd7 10. a4 b4 11. Na2 Ngf6 12. Nxb4 Be7 13. c3 O-O 14. Bf4 Ne5 15. Qe2 a5 16. Nb5 Qc4 17. Nc2 Nd3 18. Nca3 Qb3 19. Qxd3 d5 20. e5 Nd7 21. Bf3 Nc5 22. Qd2 d4 23. Nxd4 Bxf3 24. Nxb3 Nxb3 25. Qd3 Bd5 26. Rad1 Rab8 27. c4 Bc6 28. Nb5 Nc5 29. Qc2 Bf3 30. Rd2 Rfc8 31. b3 Na6 32. Qc3 Nb4 33. Qxf3 0-1

[Event "Mindsports Blitz 4th"]
[Site "London"]
[Date "2024.07.23"]
[Round "3.3"]
[White "Konyakhin-Borrelly, Gregory Jacques"]
[Black "Johnson, Daniel"]
[Result "0-1"]
[WhiteElo "1929"]
[BlackElo "2271"]
[PlyCount "118"]
[EventDate "2024.07.23"]
[EventType "swiss (blitz)"]
[EventRounds "14"]
[EventCountry "ENG"]
[SourceTitle "BritBase"]
[Source "John Saunders"]
[SourceDate "2024.08.27"]
[SourceVersion "1"]
[SourceVersionDate "2024.08.27"]
[SourceQuality "1"]

1. d4 Nf6 2. Nf3 d5 3. e3 e6 4. Bd3 b6 5. b3 Bb7 6. Bb2 Be7 7. Nbd2 O-O 8. O-O c5 9. Ne5 Ne4 10. f3 Nxd2 11. Qxd2 f6 12. Ng4 Nc6 13. a3 Bd6 14. f4 f5 15. Ne5 Nxe5 16. fxe5 Be7 17. Rf3 Rc8 18. Qe2 Qc7 19. c3 c4 20. Bc2 cxb3 21. Bxb3 Bc6 22. Rh3 g6 23. a4 Bb7 24. Rg3 Rf7 25. Qh5 Rg7 26. Qe2 Bh4 27. Rf3 Be7 28. Rff1 Bf8 29. Rfc1 Qd8 30. Rc2 Rgc7 31. Rac1 Qh4 32. g3 Qg5 33. Qf3 Bh6 34. Kf2 Kh8 35. h4 Qe7 36. Ra1 Bg7 37. Ba3 Qf7 38. Bb2 Ba6 39. a5 Bd3 40. Rd2 Be4 41. Qe2 Rb7 42. Bc2 h6 43. Bd3 Rbc7 44. Ba6 Rf8 45. axb6 axb6 46. Rc1 Kg8 47. c4 Rd7 48. c5 bxc5 49. Rxc5 g5 50. hxg5 hxg5 51. Bb5 Ra7 52. Ke1 f4 53. gxf4 gxf4 54. exf4 Qxf4 55. Qf2 Qh6 56. Qg1 Raf7 57. Rg2 Bxg2 58. Qxg2 Qe3+ 59. Qe2 Rf2 0-1

[Event "Mindsports Blitz 4th"]
[Site "London"]
[Date "2024.07.23"]
[Round "3.4"]
[White "Andal, Edmond"]
[Black "Keohane, Ben"]
[Result "0-1"]
[WhiteElo "2145"]
[BlackElo "1919"]
[PlyCount "105"]
[EventDate "2024.07.23"]
[EventType "swiss (blitz)"]
[EventRounds "14"]
[EventCountry "ENG"]
[SourceTitle "BritBase"]
[Source "John Saunders"]
[SourceDate "2024.08.27"]
[SourceVersion "1"]
[SourceVersionDate "2024.08.27"]
[SourceQuality "1"]

1. d4 c5 2. d5 Nf6 3. Nc3 d6 4. e4 g6 5. Be2 Nbd7 6. Nf3 Bg7 7. O-O O-O 8. h3 Rb8 9. a4 Ne8 10. Bf4 a6 11. Qc1 Nc7 12. a5 Ne8 13. Bh6 b5 14. axb6 Qxb6 15. Bxg7 Kxg7 16. b3 Ndf6 17. Nd2 Qb4 18. Qb2 Nc7 19. Ra4 Qb6 20. Nc4 Qa7 21. Rfa1 Rb4 22. Ra5 Bd7 23. Kh1 Rfb8 24. f4 Bb5 25. Nd2 Bxe2 26. Nxe2 Kg8 27. c3 R4b6 28. Qc2 Qb7 29. c4 Rxb3 30. Nxb3 Qxb3 31. Qxb3 Rxb3 32. e5 Ne4 33. Kg1 Kg7 34. R5a3 Rb2 35. R3a2 Rb4 36. Rc2 f6 37. e6 f5 38. Nc1 Ng3 39. Nd3 Rb3 40. Nf2 Nh5 41. Nd1 Nxf4 42. Kf1 Nh5 43. Rc3 Ng3+ 44. Kf2 Ne4+ 45. Ke1 Nxc3 46. Nxc3 Rxc3 47. Rb1 Rxc4 48. Rb7 Re4+ 49. Kf1 Nxd5 50. Ra7 Ra4 51. Ke2 Kf6 52. Kd3 Kxe6 53. Ke2 0-1